[Event "BL2-N9293"]
[Site "Germany"]
[Date "1993.??.??"]
[Round "?"]
[White "Bach, Matthias"]
[Black "Onischuk, Alexander"]
[Result "0-1"]
[WhiteElo "2315"]
[BlackElo "2420"]

1.d4 Nf6 2.c4 e6 3.Nf3 b6 4.g3 Ba6 5.b3 Bb7 6.Bg2 Bb4+ 7.Bd2 a5 8.O-O O-O
9.Nc3 Re8 10.a3 Bxc3 11.Bxc3 d5 12.Re1 a4 13.cxd5 exd5 14.bxa4 Qd7 15.a5 Ne4
16.Bb4 bxa5 17.Bd2 f6 18.Rc1 a4 19.Qc2 Nc6 20.Be3 Re7 21.Nd2 Na5 22.Bxe4 dxe4
23.Rb1 Bd5 24.Rb4 Nb3 25.Nc4 Ree8 26.Rd1 Qc6 27.Bc1 Na5 28.Ne3 Qxc2 29.Nxc2 Bb3
30.Rd2 Nc4 31.Rxc4 Bxc4 32.Bb2 Rad8 33.Ne3 Bb3 34.Bc3 Rd7 35.Bb4 Kf7 36.Bc5 g6
37.Rb2 f5 38.Nf1 g5 39.Nd2 Rb8 40.Nc4 Ke6 41.Ne5 Rd5 42.f4 exf3 43.Nxf3 h6
44.Kf2 Rdd8 45.Nd2 Re8 46.Bb4 Bd5 47.Nb1 h5 48.Nc3 Bb3 49.e3 h4 50.gxh4 Rh8
51.Kg1 Rxh4 52.Rg2 Kf6 53.Bc5 Re8 54.d5 Kg6 55.Bd4 Rd8 56.e4 Bxd5 57.Nxd5 Rxe4
58.Rxg5+ Kxg5 59.Bf6+ Kg4 60.Bxd8 Kf3 61.h4 Rd4 62.h5 Rxd5 63.Bf6 f4 64.h6 Rh5
65.Bg7 Ke2  0-1

[Event "Hallsberg opJ"]
[Site "Hallsberg"]
[Date "1993.??.??"]
[Round "?"]
[White "Onischuk, Alexander"]
[Black "Jepson, Christian"]
[Result "1-0"]
[WhiteElo "2420"]
[BlackElo "2285"]

1.d4 Nf6 2.c4 e6 3.Nc3 Bb4 4.Qc2 O-O 5.a3 Bxc3+ 6.Qxc3 b5 7.cxb5 c6 8.bxc6 Nxc6
9.b4 Ba6 10.Nf3 Rc8 11.Qb2 Ne4 12.Nd2 Nxd2 13.Qxd2 e5 14.e3 Bxf1 15.Kxf1 exd4
16.exd4 Qh4 17.Qf4 Qh5 18.Be3 a5 19.bxa5 Qxa5 20.Kg1 Qc3 21.Rf1 Ne7 22.h4 Nd5
23.Qg5 Nxe3 24.fxe3 Rc6 25.Rh3 Qxa3 26.h5 Qd6 27.h6 g6 28.Rhf3 f6 29.Qh4 f5
30.Kh1 Qf6 31.Qh3 Re6 32.Rf4 Rfe8 33.R1f3 Qe7 34.Qg3 Rxe3 35.Rxf5 Rxf3 36.Rxf3 Qe1+
37.Kh2 Qxg3+ 38.Kxg3 Re4 39.Rf4 Rxf4 40.Kxf4 Kf7 41.Ke5 Ke7 42.Kd5 g5 43.Ke5 g4
44.g3 d6+ 45.Kf5 Kf7 46.d5 Ke7 47.Kxg4 Kf6 48.Kf4 Kg6 49.g4 Kf6 50.g5+ Ke7
51.g6 Kf8 52.gxh7  1-0

[Event "Hallsberg opJ"]
[Site "Hallsberg"]
[Date "1993.??.??"]
[Round "?"]
[White "Danielian, Oganes"]
[Black "Onischuk, Alexander"]
[Result "1/2-1/2"]
[WhiteElo "2440"]
[BlackElo "2420"]

1.d4 Nf6 2.Bg5 e6 3.e4 h6 4.Bxf6 Qxf6 5.Nc3 c6 6.e5 Qd8 7.Ne4 d5 8.exd6 Bxd6
9.Nf3 Be7 10.Qd2 Nd7 11.Qf4 O-O 12.O-O-O Qa5 13.Kb1 c5 14.dxc5 Nxc5 15.Nxc5 Qxc5
16.Bd3 Qxf2 17.g4 Qc5 18.Ne5 Bg5 19.Qe4 f5 20.Qe2 Qe3 21.h4 Qxe2 22.Bxe2 Bf6
23.Ng6 Re8 24.Bb5 Rd8 25.gxf5 Rd5 26.Rxd5 exd5 27.Rf1 a6 28.Ba4 b5 29.Bb3 Bb7
30.Rd1 Rd8 31.h5 Bg5 32.Re1 Kf7 33.Re6 Bc8 34.Rc6 Bxf5 35.Rxa6 Bxg6 36.hxg6+  1/2-1/2

[Event "Hallsberg opJ"]
[Site "Hallsberg"]
[Date "1993.??.??"]
[Round "?"]
[White "Nalbandian, Tigran"]
[Black "Onischuk, Alexander"]
[Result "0-1"]
[WhiteElo "2405"]
[BlackElo "2420"]

1.d4 Nf6 2.Nf3 g6 3.Bf4 Bg7 4.e3 O-O 5.h3 d6 6.Nbd2 c5 7.c3 Nc6 8.a4 cxd4
9.cxd4 e5 10.dxe5 dxe5 11.Nxe5 Nd5 12.Ndc4 Nxf4 13.Qxd8 Rxd8 14.exf4 Nb4
15.Rc1 Bf5 16.Be2 f6 17.Nf3 Nd3+ 18.Bxd3 Bxd3 19.Ne3 Bf8 20.Nd1 Bb4+ 21.Nc3 Rd6
22.Nd2 Re8+ 23.Kd1 Red8 24.Re1 Bc4 25.Rc2 Bb3 26.Re2 Bxc3 27.bxc3 Bxa4 28.Kc1 Bxc2
29.Kxc2 Kf7 30.g4 Re6 31.Ne4 h6 32.f5 gxf5 33.gxf5 Re5 34.f4 Rxf5 35.Rf2 Ra5
36.Kb3 f5 37.Nd2 Rdd5 38.Nf3 Kf6 39.Ne5 Rxe5 40.fxe5+ Rxe5 41.Rf4 Re4 42.Rf3 f4
43.Rf1 Kf5 44.Rd1 f3 45.Rd7 Rf4  0-1

[Event "Hallsberg opJ"]
[Site "Hallsberg"]
[Date "1993.??.??"]
[Round "?"]
[White "Onischuk, Alexander"]
[Black "Georgiev, Vladimir"]
[Result "1-0"]
[WhiteElo "2420"]
[BlackElo "2410"]

1.c4 g6 2.Nc3 Bg7 3.d4 d6 4.e4 Nf6 5.Bd3 O-O 6.Nge2 Nc6 7.O-O a6 8.f3 Rb8
9.a3 Nh5 10.g4 Nf6 11.Be3 Bxg4 12.fxg4 Nxg4 13.Qd2 Na5 14.Bg5 Nb3 15.Qf4 Qd7
16.h3 Nf6 17.Rad1 Qxh3 18.Bxf6 Bxf6 19.Nd5 Bg7 20.Bc2 e5 21.Rf3 Qe6 22.dxe5 dxe5
23.Qh4 Nd4 24.Nxd4 exd4 25.Nf6+ Bxf6 26.Rxf6 Qxc4 27.Bd3 Qb3 28.Rd2 Rbe8
29.Qh6 Re5 30.Rh2 Qd1+ 31.Rf1 Qg4+ 32.Kh1 Rh5 33.Rxh5 Qxh5+ 34.Qxh5 gxh5
35.Rf5 Rd8 36.Rxh5 Kg7 37.Kg2 Rd6 38.e5 Rb6 39.b4 h6 40.Kf3 a5 41.bxa5 Rb3
42.Ke4 Rxa3 43.Rf5 Ra4 44.Bb5 Rxa5 45.Bc4 b5 46.Rxf7+ Kg6 47.Rf6+ Kg7 48.Bd5 h5
49.Rf7+ Kg6 50.Rxc7 Ra1 51.Kxd4 Re1 52.Be4+  1-0

[Event "Hallsberg opJ"]
[Site "Hallsberg"]
[Date "1993.??.??"]
[Round "?"]
[White "Onischuk, Alexander"]
[Black "Jonsson, M."]
[Result "1-0"]
[WhiteElo "2420"]
[BlackElo "2285"]

1.d4 Nf6 2.c4 g6 3.Nc3 Bg7 4.e4 d6 5.Be2 O-O 6.Bg5 h6 7.Be3 e5 8.d5 Nbd7
9.Qd2 Nc5 10.f3 a5 11.Bd1 Nh5 12.Bc2 f5 13.O-O-O f4 14.Bf2 Qg5 15.g4 fxg3
16.hxg3 Qe7 17.g4 Nf4 18.Nh3 Nd7 19.Nb5 Nf6 20.Nxf4 exf4 21.Rde1 Nh7 22.e5 dxe5
23.Bxg6 Ng5 24.Be4 Rd8 25.Rh5 Be6 26.Bh4 Bf7 27.Bxg5 hxg5 28.Rh7 c6 29.Nc3 b5
30.Qh2 Qf6 31.dxc6 Bxc4 32.c7 b4 33.cxd8=Q+ Rxd8 34.b3 Bd3 35.Bxd3 e4 36.Bc4+ Kf8
37.Qc2 exf3 38.Qf5 Qxf5 39.gxf5 bxc3 40.f6 Bxf6 41.Rf7+ Kg8 42.Rxf6+ Kg7
43.Rf5 Kg6 44.Ree5  1-0

[Event "Wichern op"]
[Site "Hamburg"]
[Date "1993.??.??"]
[Round "3"]
[White "Daurelle, Herve"]
[Black "Onischuk, Alexander"]
[Result "0-1"]
[WhiteElo "2265"]
[BlackElo "2495"]

1.e4 e5 2.Nf3 Nc6 3.Bb5 a6 4.Ba4 Nf6 5.O-O b5 6.Bb3 Bb7 7.Re1 Bc5 8.c3 d6
9.d4 Bb6 10.Bg5 h6 11.Bh4 g5 12.Bg3 O-O 13.Qd3 Na5 14.Bc2 Nh5 15.Nbd2 Nxg3
16.hxg3 Qf6 17.a4 b4 18.Rad1 bxc3 19.bxc3 Rfe8 20.Nf1 c5 21.Rb1 Ba7 22.d5 c4
23.Qe2 Rec8 24.Ne3 Rc7 25.Nd2 Bc8 26.Nf5 Bd7 27.g4 Rac8 28.g3 Nb3 29.Kg2 Nxd2
30.Qxd2 Bxf5 31.gxf5 Kg7 32.Bd1 Qe7 33.Be2 Rb7 34.Qa2 Rxb1 35.Rxb1 Qc7 36.Rb4 Bc5
37.Rxc4 a5 38.Qb1 Qa7 39.Qb5 Rb8 40.Rxc5 dxc5 41.Qc6 Qb6 42.Qxb6 Rxb6 43.Bb5 h5
44.f4 gxf4 45.gxf4 Kf6 46.Kf3 h4 47.Kg4 h3 48.fxe5+ Kxe5 49.Kxh3 Kxe4 50.Kg4 Kxd5
51.Be8 f6 52.Kf4 Kc4 53.Ke4 Rd6  0-1

[Event "Wichern op"]
[Site "Hamburg"]
[Date "1993.??.??"]
[Round "4"]
[White "Onischuk, Alexander"]
[Black "Heinemann, Thies"]
[Result "1-0"]
[WhiteElo "2495"]
[BlackElo "2380"]

1.c4 e5 2.Nc3 Nc6 3.Nf3 f5 4.d4 e4 5.Ng5 Nf6 6.Nh3 d6 7.Nf4 g6 8.h4 Ne7 9.d5 a6
10.h5 g5 11.Ne6 Bxe6 12.Bxg5 Nexd5 13.cxd5 Bd7 14.Qd2 h6 15.Bf4 Qe7 16.e3 Bg7
17.Be2 Qf7 18.a4 O-O 19.a5 Rad8 20.Rd1 Bc8 21.b4 b5 22.axb6 cxb6 23.b5 a5
24.Na4 Qa7 25.Rh3 Kh7 26.Rg3 Rf7 27.Kf1 Bd7 28.Rc1 Be8 29.Qa2 Rc7 30.Rc6 Nxh5
31.Bxh5 Bxh5 32.Qc4 Rxc6 33.dxc6 Bf7 34.Rxg7+ Kxg7 35.Qd4+ Kg6 36.Bxd6 Be6
37.c7 Rc8 38.Qe5 Re8 39.c8=Q Qf7 40.Qcc3 Bc4+ 41.Kg1 Rxe5 42.Qxe5 Qd7 43.Nxb6 Qxb5
44.Nxc4 Qxc4 45.Qe8+ Kh7 46.Be5 Qb3 47.Qe7+ Kg6 48.Qf6+  1-0

[Event "Wichern op"]
[Site "Hamburg"]
[Date "1993.??.??"]
[Round "6"]
[White "Onischuk, Alexander"]
[Black "Ftacnik, Lubomir"]
[Result "1/2-1/2"]
[WhiteElo "2495"]
[BlackElo "2535"]

1.c4 c5 2.Nc3 Nf6 3.Nf3 e6 4.g3 b6 5.Bg2 Bb7 6.O-O Be7 7.b3 O-O 8.d4 cxd4
9.Qxd4 d6 10.Ba3 Na6 11.Rfd1 Nc5 12.Ne1 Bxg2 13.Nxg2 a6 14.Rac1 Qb8 15.Ne3 Rd8
16.b4 Ncd7 17.Bb2 b5 18.Ne4 bxc4 19.Nxc4 Qxb4  1/2-1/2

[Event "Wichern op"]
[Site "Hamburg"]
[Date "1993.??.??"]
[Round "8"]
[White "Onischuk, Alexander"]
[Black "Martinovsky, Eugene"]
[Result "1-0"]
[WhiteElo "2495"]
[BlackElo "2270"]

1.c4 e5 2.Nc3 Nc6 3.Nf3 Nf6 4.e3 Bb4 5.Qc2 O-O 6.Nd5 Re8 7.Bd3 h6 8.a3 Bf8
9.O-O d6 10.Nxf6+ Qxf6 11.Bh7+ Kh8 12.Be4 Ne7 13.b4 Qe6 14.Qc3 f5 15.Bc2 Ng6
16.d4 Be7 17.dxe5 dxe5 18.Bb2 Bf6 19.c5 Bd7 20.Bb3 Qe7 21.Qc4 Bc6 22.Qf7 Kh7
23.Rfd1 Bxf3 24.gxf3 Nh4 25.Rd7 Nxf3+ 26.Kg2 Nh4+ 27.Kf1 Qxf7 28.Bxf7 Red8
29.Rad1 Nf3 30.Kg2 Ng5 31.Bb3 Kg6 32.h4 Nf3 33.Bf7+ Kh7 34.Kxf3 Rxd7 35.Rxd7 e4+
36.Kf4 Bxb2 37.Rxc7 Bxa3 38.Rxb7 a5 39.Be6 Bxb4 40.Bxf5+ Kh8 41.c6 g6 42.Bd7 Bd6+
43.Kxe4 a4 44.c7 Bxc7 45.Rxc7 a3 46.Rc1 Kg7 47.Be6 Kf6 48.Ba2 Re8+ 49.Kf4 Rb8
50.Rc6+ Ke7 51.Re6+ Kf8 52.Ra6 Rb2 53.Rxa3 Rxf2+ 54.Ke5 Rf5+ 55.Ke6 Rb5 56.Kf6 Rf5+
57.Kxg6 Rf3  1-0

[Event "EU-ch U18"]
[Site "Vejen"]
[Date "1993.??.??"]
[Round "1"]
[White "Onischuk, Alexander"]
[Black "Fyllingen, Roy Harald"]
[Result "1-0"]
[WhiteElo "2495"]
[BlackElo "2330"]

1.d4 d5 2.c4 e6 3.Nc3 c6 4.e3 f5 5.Bd3 Nf6 6.Nge2 Bd6 7.f3 O-O 8.O-O Qc7
9.g3 Qf7 10.e4 dxe4 11.fxe4 Qh5 12.e5 Ng4 13.h4 Bc7 14.Nf4 Qe8 15.Be2 h5
16.b3 Na6 17.Ba3 c5 18.Nb5 Bb8 19.Qd2 Kh7 20.Rae1 g6 21.dxc5 Nxe5 22.Nd6 Bxd6
23.cxd6 Rg8 24.c5 Nb8 25.Bc1 Qf8 26.b4 a6 27.Nh3 Nf7 28.Bg4 Nc6 29.d7  1-0

[Event "EU-ch U18"]
[Site "Vejen"]
[Date "1993.??.??"]
[Round "2"]
[White "Izsak, Gyula"]
[Black "Onischuk, Alexander"]
[Result "0-1"]
[WhiteElo "2385"]
[BlackElo "2495"]

1.d4 Nf6 2.Nf3 e6 3.c4 b6 4.g3 Ba6 5.b3 Bb7 6.Bg2 Bb4+ 7.Bd2 a5 8.a3 Be7
9.Nc3 O-O 10.O-O d5 11.cxd5 exd5 12.Bc1 Nbd7 13.Bb2 Re8 14.Qc2 Bf8 15.Rac1 Rc8
16.Rfd1 c6 17.Nd2 c5 18.Nf3 Ne4 19.Nb5 cxd4 20.Qb1 Nc3 21.Bxc3 dxc3 22.Qa2 Qe7
23.Nfd4 Nf6 24.Rd3 Ne4 25.e3 Rc5 26.Bxe4 Qxe4 27.Rdxc3 Rec8 28.Qd2 h5 29.a4 h4
30.Qe2 Ba6 31.f3 Qg6 32.Qf2 Rxc3 33.Rxc3 Rxc3 34.Nxc3 Qd3 35.Ncb5 hxg3 36.hxg3 Bc8
37.Nc7 Qd1+ 38.Kg2 Bc5 39.Nxd5 Bxd4 40.exd4 Qxb3 41.Nf4 Bf5 42.d5 Qc2 43.d6 Kf8
44.Kg1 Qxf2+ 45.Kxf2 Ke8 46.Ke3 Kd7 47.Kd4 Be6 48.Nh5 g6 49.Nf6+ Kxd6 50.Ne4+ Kc6
51.Nc3 Bb3 52.g4 g5 53.Ne4 Bxa4 54.Kc3 Kd5 55.Nxg5 Be8 56.Ne4 Ke5 57.Kd3 Bc6
58.Nd2 Kf4 59.Ke2 a4 60.Nc4 b5 61.Ne5 a3  0-1

[Event "EU-ch U18"]
[Site "Vejen"]
[Date "1993.??.??"]
[Round "3"]
[White "Onischuk, Alexander"]
[Black "Oratovsky, Michael"]
[Result "1-0"]
[WhiteElo "2495"]
[BlackElo "2420"]

1.d4 d6 2.c4 e5 3.Nc3 exd4 4.Qxd4 Nc6 5.Qd2 Nf6 6.Nf3 a5 7.e3 Be6 8.Be2 d5
9.cxd5 Nxd5 10.O-O Bb4 11.Qc2 Nxc3 12.bxc3 Bd6 13.Rb1 Rb8 14.Nd4 Nxd4 15.cxd4 O-O
16.e4 c6 17.Be3 f5 18.Bc4 Bxc4 19.Qxc4+ Kh8 20.e5 f4 21.Bc1 Bb4 22.Rb3 b5
23.Qxc6 Qxd4 24.a3 Qc4 25.Qf3 Bc5 26.Rc3 Qd4 27.Re1 Rbe8 28.e6 b4 29.Rd3 Qf6
30.Qd5 Rd8 31.Qxc5 Rxd3 32.Bb2 Rc3 33.Qxa5 Re3 34.fxe3 Qxb2 35.Qxb4 Qxb4
36.axb4 f3 37.gxf3 g6 38.Rc1 Kg7 39.Rc7+  1-0

[Event "EU-ch U18"]
[Site "Vejen"]
[Date "1993.??.??"]
[Round "5"]
[White "Onischuk, Alexander"]
[Black "Bauer, Christian"]
[Result "1-0"]
[WhiteElo "2495"]
[BlackElo "2485"]

1.c4 c5 2.Nc3 Nf6 3.Nf3 d5 4.cxd5 Nxd5 5.d4 Nxc3 6.bxc3 g6 7.e4 Bg7 8.Rb1 O-O
9.Be2 cxd4 10.cxd4 Qa5+ 11.Qd2 Qxd2+ 12.Bxd2 Rd8 13.Be3 Nc6 14.d5 Na5 15.O-O f5
16.Bd2 b6 17.Bxa5 fxe4 18.Bb4 exf3 19.Bxf3 Bb7 20.Bxe7 Rd7 21.Bh4 Re8 22.Rfd1 Kf7
23.a4 Bf6 24.Bxf6 Kxf6 25.a5 Rd6 26.h4 Red8 27.Rb5 R8d7 28.Kh2 Ba6 29.Rb4 bxa5
30.Rf4+ Kg7 31.Ra4 Bb7 32.Rxa5 a6 33.Kg3 h6 34.Kf4 Re7 35.Rd3 Kf6 36.Re3 g5+
37.hxg5+ hxg5+ 38.Kg4 Red7 39.Rd3 Ke5 40.Rc3 Kf6 41.Be4 Bxd5 42.Bxd5 Rxd5
43.Rc6+ R7d6 44.Rxd5 Rxc6 45.Rf5+ Ke6 46.Kxg5 Rc8 47.Rf6+ Ke5 48.Rxa6 Rg8+
49.Rg6  1-0

[Event "EU-ch U18"]
[Site "Vejen"]
[Date "1993.??.??"]
[Round "7"]
[White "Onischuk, Alexander"]
[Black "Papaioannou, Ioannis"]
[Result "1-0"]
[WhiteElo "2495"]
[BlackElo "2385"]

1.d4 Nf6 2.c4 e6 3.Nc3 Bb4 4.Qc2 c5 5.dxc5 O-O 6.a3 Bxc5 7.Nf3 b6 8.Bg5 Be7
9.e3 Bb7 10.Be2 d6 11.O-O Nbd7 12.Rfd1 a6 13.Bf4 Qc7 14.Rac1 h6 15.Nd2 Rac8
16.Bg3 Ne5 17.f3 Rfd8 18.Qb3 h5 19.e4 Ng6 20.Bf2 Nd7 21.g3 h4 22.Nf1 Bg5
23.Ne3 hxg3 24.hxg3 Bxe3 25.Bxe3 d5 26.Kf2 Nc5 27.Qc2 dxe4 28.Nxe4 Bxe4 29.fxe4 Qe5
30.Bf3 Qf6 31.Kg2 Ne5 32.Be2 Qg6 33.Bf4 f6 34.b4 Nxe4 35.c5 Rxd1 36.Rxd1 bxc5
37.Bxa6 Rf8 38.Bb7 Nxg3 39.Qxg6 Nxg6 40.Bxg3 cxb4 41.a4 f5 42.a5 f4 43.Bf2 f3+
44.Kg3 Nf4 45.Bxf3 b3 46.Rb1  1-0

[Event "EU-ch U18"]
[Site "Vejen"]
[Date "1993.??.??"]
[Round "8"]
[White "Borovikov, Vladislav"]
[Black "Onischuk, Alexander"]
[Result "1-0"]
[WhiteElo "2385"]
[BlackElo "2495"]

1.d4 Nf6 2.Nf3 e6 3.c4 b6 4.Nc3 Bb7 5.a3 d5 6.cxd5 exd5 7.g3 Bd6 8.Bg2 O-O
9.O-O a6 10.Nh4 Re8 11.Bg5 Be7 12.Nf5 Nbd7 13.Qb3 h6 14.Bh4 c5 15.dxc5 Nxc5
16.Qc2 Bf8 17.Bxf6 Qxf6 18.Bxd5 Rac8 19.Bxb7 Nxb7 20.Ne3 Qe5 21.Qf5 Qxf5
22.Nxf5 Nd6 23.Ne3 Nc4 24.Nxc4 Rxc4 25.Rfd1 b5 26.e3 Rec8 27.Rd7 Bxa3 28.Nd1 Bb4
29.Rxa6 Rc1 30.Kg2 R8c2 31.Ra8+ Kh7 32.Rad8 Kg6 33.Rd5 Be1 34.h4 h5 35.Rxb5 Bd2
36.Nc3 Bxe3 37.Ne4 Bh6 38.Rd3 Rb1 39.b3 Rbb2 40.Rf3 Rb1 41.Rb6+ Kh7 42.Rxf7 Kg8
43.Rf5 Re1 44.Re6 Rb1 45.Re8+ Kh7 46.Ng5+ Kg6 47.Rb5 Bxg5 48.Rxg5+ Kf7 49.Rb8 Rbb2
50.Rf5+ Ke6 51.Rf4 Rc6 52.Rg8 Rc5 53.b4  1-0

[Event "EU-ch U18"]
[Site "Vejen"]
[Date "1993.??.??"]
[Round "10"]
[White "Rogozenko, Dorin"]
[Black "Onischuk, Alexander"]
[Result "0-1"]
[WhiteElo "2500"]
[BlackElo "2495"]

1.d4 Nf6 2.c4 e6 3.Nc3 Bb4 4.d5 d6 5.Bg5 c5 6.e3 Qe7 7.Nf3 Bxc3+ 8.bxc3 h6
9.Bh4 g5 10.Bg3 e5 11.Nd2 Bf5 12.h4 Rg8 13.hxg5 hxg5 14.f3 e4 15.Qb1 Nbd7
16.fxe4 Bxe4 17.Bxd6 Qxd6 18.Nxe4 Qe5 19.Nxf6+ Nxf6 20.Qb5+ Kd8 21.O-O-O Ne4
22.Qb2 Kc7 23.Bd3 Nd6 24.Qa3 b6 25.Kc2 Kb7 26.Rh3 Rh8 27.Rdh1 Rhd8 28.Rf1 Rac8
29.Qc1 b5 30.cxb5 Qxd5 31.Rd1 c4 32.Bh7 Qc5 33.Rf3 Qe5 34.Rdf1 Rc7 35.Qa3 Nxb5
36.Qb4 Ka8 37.a4 Nd6  0-1

[Event "EU-ch U18"]
[Site "Vejen"]
[Date "1993.??.??"]
[Round "11"]
[White "Onischuk, Alexander"]
[Black "Kiriakov, Petr"]
[Result "1/2-1/2"]
[WhiteElo "2495"]
[BlackElo "2385"]

1.d4 e6 2.c4 Nf6 3.Nc3 Bb4 4.Qc2 O-O 5.a3 Bxc3+ 6.Qxc3 b6 7.Bg5 c5 8.e3 Bb7
9.f3 Nc6 10.dxc5 bxc5 11.Nh3 h6 12.Bh4 Qa5 13.Qxa5 Nxa5 14.b4 cxb4 15.axb4 Nc6
16.b5 Ne7 17.Bxf6 gxf6 18.Nf4 a6 19.bxa6 Bxa6 20.Rd1 Rfd8 21.Nh5 f5 22.Kf2 Rac8
23.Rxd7 Rxd7 24.Nf6+ Kg7 25.Nxd7 Rc7  1/2-1/2

[Event "UKR-chT"]
[Site "Alushta"]
[Date "1994.??.??"]
[Round "?"]
[White "Onischuk, Alexander"]
[Black "Kushch, Nikolai"]
[Result "0-1"]
[WhiteElo "2535"]
[BlackElo "2360"]

1.d4 Nf6 2.c4 e6 3.Nc3 Bb4 4.Qc2 O-O 5.a3 Bxc3+ 6.Qxc3 b6 7.Bg5 Bb7 8.f3 h6
9.Bh4 d5 10.e3 Re8 11.Nh3 Nbd7 12.cxd5 exd5 13.Bf2 c5 14.Bd3 cxd4 15.Qxd4 Nc5
16.Rd1 Nxd3+ 17.Qxd3 Qc8 18.b4 d4 19.Qxd4 Bxf3 20.gxf3 Qxh3 21.Ke2 Rac8 22.Rd2 Qh5
23.Rg1 Re5 24.Qb2 Ne4 25.Rc2 Rxc2+ 26.Qxc2 Nxf2 27.Kxf2 Qxh2+ 28.Rg2 Qh4+
29.Ke2 Qd4 30.Qc8+ Kh7 31.Qf5+ Rxf5 32.exd4 h5 33.Ke3 h4 34.Rd2 Kg6 35.Ke4 Rh5
36.Kf4 h3 37.Kg3 Kf6 38.Kh2 Ke7 39.Rd3 Kd6 40.a4 a6  0-1

[Event "Alushta2"]
[Site "Alushta"]
[Date "1994.??.??"]
[Round "1"]
[White "Golubev, Mihail"]
[Black "Onischuk, Alexander"]
[Result "1/2-1/2"]
[WhiteElo "2560"]
[BlackElo "2535"]

1.e4 e5 2.Nf3 Nc6 3.d4 exd4 4.Nxd4 Bc5 5.Nxc6 Qf6 6.Qd2 dxc6 7.Nc3 Be6 8.Na4 Rd8
9.Bd3 Bd4 10.O-O Ne7 11.c3 b5 12.cxd4 Qxd4 13.Qc2 Qxa4 14.Qxa4 bxa4 15.Bc2 Bc4
16.Re1 Bb5 17.Be3 Nc8 18.Bc5 Nb6 19.Rad1 Rxd1 20.Rxd1 Nd7 21.Bxa7 Nb6 22.Bb8 Na8
23.Ba7  1/2-1/2

[Event "Alushta4"]
[Site "Alushta"]
[Date "1994.??.??"]
[Round "3"]
[White "Golubev, Mihail"]
[Black "Onischuk, Alexander"]
[Result "1/2-1/2"]
[WhiteElo "2560"]
[BlackElo "2535"]

1.e4 e5 2.Nf3 Nc6 3.d4 exd4 4.Nxd4 Bc5 5.Nxc6 Qf6 6.Qd2 dxc6 7.Nc3 Be6 8.Na4 Rd8
9.Bd3 Bd4 10.O-O a6 11.Nc3 c5 12.Nd5 Bxd5 13.exd5 Ne7 14.Re1 Rxd5 15.Be4 Bxb2
16.Bxd5 Bxa1 17.Bxb7 O-O 18.Qe2 Nc6 19.Qxa6 Qc3 20.Qf1 Nd4 21.Re3 Qxc2 22.Ba3 Qxa2
23.Bxc5 Rd8 24.Ba6 Qa5 25.Be7 Rb8 26.Bc4 Qa4 27.Bc5 Bb2 28.Re7 Ne6 29.Bxe6 fxe6
30.Rxe6 Qc2 31.Ba7 Rd8 32.g3 Bf6 33.Qb5 h6 34.Qc6 Qxc6  1/2-1/2

[Event "Alushta2"]
[Site "Alushta"]
[Date "1994.??.??"]
[Round "6"]
[White "Tregubov, Pavel V"]
[Black "Onischuk, Alexander"]
[Result "0-1"]
[WhiteElo "2495"]
[BlackElo "2535"]

1.d4 Nf6 2.c4 e6 3.Nf3 b6 4.a3 Ba6 5.Qc2 c5 6.d5 exd5 7.cxd5 g6 8.Nc3 Bg7
9.e4 Bxf1 10.Kxf1 d6 11.Qa4+ Qd7 12.Qxd7+ Kxd7 13.e5 Ng4 14.exd6 Ne5 15.Bf4 Nd3
16.Bg3 Re8 17.Nb5 Na6 18.h4 h6 19.Rb1 Nxb2 20.Rh3 Nc4 21.Rc1 Re4 22.Kg1 Rae8
23.Kh2 f5 24.h5 f4 25.Bh4 g5 26.Bxg5 Nxd6 27.Nxd6 Kxd6 28.Bh4 Kxd5 29.Rd1+ Kc6
30.g4 fxg3+ 31.Rxg3 Be5 32.Nxe5+ R8xe5 33.Rg6+ Kb5 34.Bg3 Rxh5+ 35.Kg2 c4
36.Rb1+ Ka4 37.Rg7 Rb5 38.Rc1 Nc5 39.Rxa7+ Ra5 40.Rc7 Kxa3 41.f3 Kb2 42.fxe4 Kxc1
43.Bf4+ Kc2 44.Bxh6 c3 45.e5 Ne6 46.Rc6 b5 47.Rxe6 b4 48.Kf3 b3 49.Ke4 Rb5
50.Rf6 b2 51.Rf1 Kb3 52.Rb1 Ka2 53.Rc1 Kb3 54.Rb1 Kc2 55.Rf1 Ra5 56.e6 Ra8
57.e7 Re8  0-1

[Event "Alushta2"]
[Site "Alushta"]
[Date "1994.??.??"]
[Round "7"]
[White "Onischuk, Alexander"]
[Black "Malaniuk, Vladimir P"]
[Result "1/2-1/2"]
[WhiteElo "2535"]
[BlackElo "2595"]

1.d4 f5 2.Nf3 g6 3.g3 Bg7 4.Bg2 Nf6 5.O-O O-O 6.b3 Ne4 7.c4 Nc6 8.Bb2 e6
9.Nbd2 d5 10.Rc1 g5 11.Nxe4 dxe4 12.Ne5 Nxe5 13.dxe5 Qe7 14.Qc2 Bd7 15.a3 Be8
16.Rcd1 Bh5 17.f3 exf3 18.Bxf3 Bxf3 19.exf3 Rad8 20.Kg2 h5 21.h3 Rxd1 22.Rxd1 Rd8
23.Rd3 Kf7  1/2-1/2

[Event "Alushta2"]
[Site "Alushta"]
[Date "1994.??.??"]
[Round "9"]
[White "Onischuk, Alexander"]
[Black "Kharitonov, Andrei Y"]
[Result "1/2-1/2"]
[WhiteElo "2535"]
[BlackElo "2535"]

1.d4 Nf6 2.c4 e6 3.Nc3 d5 4.cxd5 exd5 5.Bg5 c6 6.e3 Be7 7.Bd3 Nbd7 8.Qc2 Nf8
9.Nf3 Ne6 10.Bh4 g6 11.O-O O-O 12.Rab1 Ng7 13.b4 a6 14.a4 Bf5 15.Rfc1 Bxd3
16.Qxd3 Nd7 17.Bg3 Nf5 18.b5 axb5 19.axb5 Nxg3 20.hxg3 Ra7 21.Ne2 Qa8 22.Rc3 Bd6
23.bxc6 bxc6 24.Rbc1 Rc8 25.e4 Bb4  1/2-1/2

[Event "Dresden op"]
[Site "Dresden"]
[Date "1994.??.??"]
[Round "?"]
[White "Gleizerov, Evgeny"]
[Black "Onischuk, Alexander"]
[Result "1/2-1/2"]
[WhiteElo "2520"]
[BlackElo "2585"]

1.d4 d5 2.c4 c6 3.cxd5 cxd5 4.Nc3 Nf6 5.Bf4 Nc6 6.e3 Bf5 7.Nf3 e6 8.Bd3 Bxd3
9.Qxd3 Bd6 10.Bxd6 Qxd6 11.O-O O-O  1/2-1/2

[Event "Dresden op"]
[Site "Dresden"]
[Date "1994.??.??"]
[Round "?"]
[White "Mueller, Michael"]
[Black "Onischuk, Alexander"]
[Result "0-1"]
[WhiteElo "2320"]
[BlackElo "2585"]

1.d4 Nf6 2.Nf3 d5 3.Bf4 c6 4.e3 e6 5.Bd3 Be7 6.O-O b6 7.Nbd2 O-O 8.Ne5 Bb7
9.c3 c5 10.h3 Nbd7 11.Ndf3 a6 12.a4 h6 13.Bh2 Re8 14.Qe2 c4 15.Bc2 b5 16.a5 Bd6
17.Kh1 Qc7 18.Bb1 Nf8 19.Nd2 Ne4 20.f4 f6 21.Nxe4 dxe4 22.Ng4 Rad8 23.Bc2 Bd5
24.Nf2 Qb7 25.Qh5 f5 26.Bg3 Qf7 27.Bd1 Rb8 28.Kh2 Rec8 29.Qxf7+ Kxf7 30.Be2 Nd7
31.Nd1 Nf6 32.Be1 g5 33.g3 Rg8 34.Rg1 Rg7 35.Bd2 Rbg8 36.Nf2 Bc7 37.Ra3 Ke7
38.Raa1 Kd7 39.Bd1 h5 40.Be2 Bc6 41.Rab1 h4 42.Nh1 Nd5 43.fxg5 hxg3+ 44.Kg2 f4
45.Bg4 f3+ 46.Kf1 g2+ 47.Kf2 gxh1=Q 48.Rxh1 Rxg5 49.b3 cxb3 50.Rxb3 Nf6 51.c4 Nxg4+  0-1

[Event "Dresden op"]
[Site "Dresden"]
[Date "1994.??.??"]
[Round "?"]
[White "Onischuk, Alexander"]
[Black "Kaminski, Uwe"]
[Result "1-0"]
[WhiteElo "2585"]
[BlackElo "2390"]

1.c4 g6 2.Nc3 Bg7 3.d4 Nf6 4.Nf3 d6 5.Bf4 O-O 6.e3 c6 7.Be2 a6 8.O-O b5 9.a3 Bb7
10.b3 Nbd7 11.Qc2 Re8 12.Rfd1 Qc7 13.h3 bxc4 14.bxc4 c5 15.d5 Reb8 16.Nd2 Bc8
17.Nb3 Rb7 18.Rab1 Rab8 19.e4 Ne8 20.Bd2 Nf8 21.Na4 Bd7 22.Ba5 Qc8 23.Nd2 Bxa4
24.Qxa4 Rxb1 25.Rxb1 Rxb1+ 26.Nxb1 Qb8 27.Nd2 Nf6 28.Qc2 g5 29.Nf1 Ng6 30.Ne3 e6
31.g3 h5 32.Bd2 Qe8 33.Bf3 h4 34.gxh4 Nxh4 35.Bh1 exd5 36.cxd5 Qd7 37.Nf5 Nxf5
38.exf5 g4 39.hxg4 Nxg4 40.Bf3 Ne5 41.Be2 Qb7 42.Qe4 Qb2 43.Bg5 f6 44.Bh4 c4
45.Bxc4 Qxa3 46.Be2 Qh3 47.Bg3 a5 48.Bf1 Qh5 49.Kg2 Qd1 50.f4 Qd2+ 51.Kh3 Qc1
52.Be2 Nf7 53.Bh5 Qc7 54.Qe6 a4 55.Qe8+ Bf8 56.Qxa4 Nh6 57.Qe4 Qc3 58.Bg6 Qc7
59.Be1 Kg7 60.Qe6 Be7 61.Kh4 Bf8 62.Kh5 Qe7 63.Bb4 Nf7 64.Ba5 Qa7 65.Bc3 Qe7
66.Bxf7 Qxf7+ 67.Kg4 Qe7 68.Kf3 Qd8 69.Ke4 Be7 70.Bd4 Qc7 71.Kf3 Bd8 72.Be3 Be7
73.Kg4 Kf8 74.Bd4 Kg7 75.Bb6 Qb7 76.Kh5 Kf8 77.Kg6 Ke8 78.Bd4  1-0

[Event "Dresden op"]
[Site "Dresden"]
[Date "1994.??.??"]
[Round "?"]
[White "Chernyshov, Konstantin"]
[Black "Onischuk, Alexander"]
[Result "1-0"]
[WhiteElo "2485"]
[BlackElo "2585"]

1.e4 e5 2.Nf3 Nc6 3.d4 exd4 4.Nxd4 Bc5 5.Nxc6 Qf6 6.Qf3 Qxf3 7.gxf3 bxc6
8.Nd2 Ne7 9.Nb3 Bb6 10.c4 c5 11.Rg1 O-O 12.Bd3 d6 13.Bd2 a5 14.a4 Ng6 15.Bc3 Be6
16.Nd2 f6 17.O-O-O c6 18.Nf1 Ne5 19.Be2 Bc7 20.Ne3 Ng6 21.Ng2 Bh3 22.Bf1 Rad8
23.Ne3 Be6 24.Bd3 Rd7 25.Kc2 Nf4 26.h4 Nxd3 27.Kxd3 f5 28.exf5 Bxf5+ 29.Ke2 Be6
30.b3 Rff7 31.Rd3 d5 32.Ng4 Kf8 33.Ne5 Bxe5 34.Bxe5 dxc4 35.Rd6 Bd5 36.bxc4 Bxc4+
37.Ke3 g6 38.Rc1 Bb3 39.Rxc5 Bxa4 40.Rxa5 Bb5 41.Bf6 Rfe7+ 42.Bxe7+ Rxe7+
43.Kf4 Kg7 44.Ra8 Rf7+ 45.Kg3 c5 46.f4 Rc7 47.Rb8 Bd7 48.Ra8 Bc8 49.Ra5 c4
50.Rdd5 Be6 51.Rac5 Rb7 52.Rd6 Kf7 53.Rcc6 Re7 54.h5 gxh5 55.f5 Bd7 56.Rc5 h4+
57.Kxh4 Re4+ 58.Kg5 Ke7 59.Rcd5 Be8 60.Rh6 Bf7 61.Rxh7 Re2 62.Ra5 Kf8 63.Kf6  1-0

[Event "Dresden op"]
[Site "Dresden"]
[Date "1994.??.??"]
[Round "?"]
[White "Onischuk, Alexander"]
[Black "Prokopchuk, Evgeny"]
[Result "1-0"]
[WhiteElo "2585"]
[BlackElo "2435"]

1.c4 e5 2.Nc3 Nf6 3.Nf3 d6 4.d4 Nbd7 5.g3 c6 6.Bg2 e4 7.Nd2 d5 8.O-O Be7
9.cxd5 cxd5 10.f3 exf3 11.exf3 Nb6 12.b3 O-O 13.Bb2 Bf5 14.Re1 Qd7 15.Nf1 Rfe8
16.Qd2 Bd6 17.Ne2 Rac8 18.Rac1 Bh3 19.Ne3 Bxg2 20.Kxg2 h5 21.Rxc8 Nxc8 22.Nc1 Ne7
23.Nd3 Ng6 24.Nf2 h4 25.Neg4 Nxg4 26.Nxg4 Rxe1 27.Qxe1 Qf5 28.Qe2 Kh7 29.Bc3 Qh5
30.Be1 Qf5 31.Bf2 a6 32.Ne3 Qh5 33.Qd1 Kh8 34.Qc2 hxg3 35.hxg3 Qg5 36.Nf5 Bb8
37.Qc8+ Kh7 38.Qxb8 Qxf5 39.Qxb7 a5 40.Qc7 f6 41.Qxa5 Qg5 42.Qc3 f5 43.Kf1 Qh6
44.Qc2 Qh1+ 45.Ke2 Qa1 46.Qxf5 Qxa2+ 47.Kf1 Qa6+ 48.Kg2 Qc6 49.f4 Kg8 50.b4 Nf8
51.b5 Qd6 52.Be3 Kh8 53.Bd2  1-0